<?xml version="1.0" encoding="UTF-8"?>
<marc:record xmlns:marc="http://www.loc.gov/MARC21/slim">
   <marc:leader>00000nam a2200000 a 4500</marc:leader>
   <marc:datafield ind1="0" ind2="0" tag="245">
      <marc:subfield code="a">Meine ersten Formen</marc:subfield>
   </marc:datafield>
   <marc:datafield ind1=" " ind2="1" tag="264">
      <marc:subfield code="a">Braunschweig</marc:subfield>
      <marc:subfield code="b">Westermann Lernspielverlage GmbH</marc:subfield>
      <marc:subfield code="c">2013</marc:subfield>
   </marc:datafield>
   <marc:datafield ind1="1" ind2=" " tag="520">
      <marc:subfield code="a">Angaben aus der Verlagsmeldung

bambinoLÜK-System bambinoLÜK-System / bambinoLÜK : Meine ersten Formen: Erste Bildwörter 6

Das fr&amp;ouml;hliche bambinoL&amp;Uuml;K-&amp;Uuml;bungsheft zur Sprachentwicklung f&amp;uuml;r alle Kinder ab 2 Jahren.

Verschiedene Formen: klein, gro&amp;szlig;, rund, eckig, kurz, lang ...

&amp;bull; Einfache &amp;Uuml;bungen, von Kindern selbst zu l&amp;ouml;sen: F&amp;ouml;rderung
des genauen Beobachtens, Vergleichens und Zuordnens.

&amp;bull; Erkennen von Gegenst&amp;auml;nden aus der allt&amp;auml;glichen Umgebung und in unver&amp;shy;&amp;auml;nderter Darstellung wiederfinden und zuordnen.

&amp;bull; Durch aufmerksame Mitarbeit werden der Wortschatz erweitert und die allgemeine Konzentrationsf&amp;auml;higkeit nachhaltig gest&amp;auml;rkt und weiterentwickelt.
</marc:subfield>
   </marc:datafield>
   <marc:datafield ind1=" " ind2=" " tag="020">
      <marc:subfield code="a">9783837779844</marc:subfield>
      <marc:subfield code="9">9783837779844</marc:subfield>
   </marc:datafield>
   <marc:datafield ind1=" " ind2=" " tag="020">
      <marc:subfield code="a">383777984X</marc:subfield>
      <marc:subfield code="9">383777984X</marc:subfield>
   </marc:datafield>
   <marc:datafield ind1=" " ind2=" " tag="041">
      <marc:subfield code="a">ger</marc:subfield>
   </marc:datafield>
   <marc:datafield ind1=" " ind2=" " tag="300">
      <marc:subfield code="a">22] S.</marc:subfield>
   </marc:datafield>
</marc:record>
